banner-ar

نظريات ومسائل فى الدوال المركبة : مع مقدمة فى التناظر الحافظ للزوايا وتطبيقاتة / (Record no. 30968)

MARC details
000 -الفاتح
حقل البيانات ثابتة الطول 00756nam a2200205Ia 4500
005 - وقت وتاريخ اخر تعامل مع التسجيلة
رقم الضبط 20240530102246.0
008 - عناصر البيانات ثابتة الطول - معلومات عامة
حقل البيانات ثابتة الطول 140319s9999 xx 000 0 ara d
040 ## - مصدر الفهرسة
وكالة الفهرسة الأصلية GCL /
وكالة النسخ GCL
082 04 - رقم تصنيف ديوى العشرى
رقم التصنيف 515.9
رقم المادة ش ن
100 1# - المدخل الرئيسى - إسم شخصى
الإسم الشخصى شبيجل، موراى
245 10 - بيان العنوان
العنوان نظريات ومسائل فى الدوال المركبة : مع مقدمة فى التناظر الحافظ للزوايا وتطبيقاتة /
بيان المسئوليه,etc شبيجل، موراى
260 ## - PUBLICATION, DISTRIBUTION, ETC. (IMPRINT)
تاريخ النشر أو التوزيع 1993
300 ## - الوصف المادى
التعداد 474
490 ## - بيان السلسلة
عنوان السلسلة سلسلة ملخصات شوم
رقم المجلد/ التعيين التسلسلي 0
650 04 - المدخل الاضافى بالموضوع-مصطلح موضوعى
مصطلح موضوعي الرياضيات
700 1# - المدخل الاضافى - اسم شخصى
الإسم الشخصى حسن العويضى(مترجم)
700 1# - المدخل الاضافى - اسم شخصى
الإسم الشخصى عطية عاشور (مراجع)
942 ## - عناصر المدخل الإضافي( كوها)
مصدر التصنيف او مخطط الترفيف Dewey Decimal Classification
Koha [default] item type كتاب
260 ## - PUBLICATION, DISTRIBUTION, ETC. (IMPRINT)
-- [S.N] :
-- الدار الدولية للنشر والتوزيع ،
Holdings
حالة التراجع حالة الفقد حالة تلف ليس للاعارة المكان المؤقت الموقع الحالى تاريخ الاكتساب اجمالي اﻻعارات رقم الطلب الباركود تاريخ اخر مشاهدة تاريخ تفعيل السعر نوع وعاء كوها
        مكتبة القاهرة الكبرى مكتبة القاهرة الكبرى 03/26/2014   515.9\ش ن 72164 03/26/2014 03/26/2014 كتاب
        مكتبة القاهرة الكبرى مكتبة القاهرة الكبرى 03/26/2014   515.9\ش ن 72165 03/26/2014 03/26/2014 كتاب

Powered By

EGPV